000 00283nam a22001337a 4500
008 170627b xxu||||| |||| 00| 0 eng d
020 _a2900205602956
041 _aeng
080 _211TH
_a82
100 _a21
101 _aGJL
245 _aLITERATURE
_cBARNET,S
942 _2udc
_cBK
999 _c19249
_d19249